Selamatkan gunung payung

Bibliographic Details
Main Author: Wan Norsaedah
Format: Book
Published: P.J : Pustaka Pepada Jaya , 1995
Series:Siri cerita patriotisme
Subjects:

MARC

LEADER 00000cam a2200000 7i4500
001 0000006742
002 000007267
005 20000330.0
020 |a 9830220338 
090 0 0 |a JF   |b WAN 
100 0 |a Wan Norsaedah 
245 1 0 |a Selamatkan gunung payung   |c Wan Norsaedah 
260 |b P.J :   |b Pustaka Pepada Jaya ,   |c 1995 
300 |a 30p. :   |b ill ;   |c 21cm. 
490 0 |a Siri cerita patriotisme 
650 0 0 |a Children's stories 
999 |a 038788   |b BUKU   |c JUNIOR FICTION   |e PERPUSTAKAAN KOMUNITI PETALING JAYA